000 00921nam a22002897a 4500
001 00911
003 DO-SdBPM
005 20250819143718.0
007 ta
008 160725b1991 ec || 00| 0 spa d
020 _a9978801073
040 _aDO-SdBPM
_bspa
_cBPMSU
_erda
082 4 _a813.3
_bP743c 1991
_222
100 1 _aPoe, Edgar Allan
_d809-1849.;
_eautor
245 1 0 _aCuentos de misterio /
_cEdgar Allan Poe ; supervisión editorial Jaime Peña Novoa ; introducción Rocio Castro Ponte
264 _aQuito, Ecuador :
_bLibresa,
_c1991.
300 _a280 páginas ;
_c20 cm.
336 _atexto
_btxt
_2rdacontent
337 _asin mediación
_bn
_2rdamedia
338 _avolumen
_bnc
_2rdacarrier
490 0 _aAntares,
_360
590 _aInventariado, 2025/VM
650 7 _aCuentos juveniles estadounidenses
650 7 _aMisterio
_vCuentos
910 _aVMateo V. Control de calidad. BPMSU
942 _2ddc
_cBK
999 _c11022
_d11022